000 00397nam a2200145Ia 4500
008 220204s9999 xx 000 0 und d
082 _a620.91 + 66
_bCHR
245 0 _aEnergy and the chemical sciences: The 1977 Karcher symposium
260 _aNew York
_bPergamon
_c1978
650 _aChemcial science
650 _aEnergy
700 _aChristian, S D
700 _aZuckerman, J J
942 _cBK
999 _c32030
_d32030